Palau Güell : plan de la visite (Français) plan de la visite (Français)
Descripción Física:
23 p. : il. col. ; 21 cm
Materias:
Palau Güell (Barcelona)
Idioma:
French
MARC
| LEADER | 00000nam a2200000Ia 4500 | ||
|---|---|---|---|
| 001 | 23717 | ||
| 003 | Arxiu | ||
| 005 | 20260324181056.0 | ||
| 008 | 160829s2012 xx 000 0 cat d | ||
| 017 | |a B 21140-2012 | ||
| 040 | |a agdb |b cat | ||
| 041 | |a fre | ||
| 080 | |a FU-62-17 | ||
| 245 | |a Palau Güell : |b plan de la visite (Français) | ||
| 260 | |a Barcelona : |b Diputació de Barcelona, |c 2012 | ||
| 300 | |a 23 p. : |b il. col. ; |c 21 cm | ||
| 590 | |a Text en francès. Hi ha un altre exemplar en castellà amb R. 23710, en italià amb R.23713, en alemany amb R. 23714, en anglès amb R.23715, en portuguès amb R.23716, en català amb R. 23709 i en japonès amb R. 23718 | ||
| 610 | 2 | 0 | |a Palau Güell (Barcelona) |9 17034 |
| 710 | 1 | |a Barcelona (Catalunya : Província). |b Diputació |9 52408 | |
| 901 | |a Arxiu | ||
| 942 | |n 1 |2 udc |c ARXIU | ||
| 952 | |0 0 |1 0 |4 0 |6 FU6217 |7 1 |9 55852 |a Arxiu |b Arxiu |d 2016-12-01 |l 0 |o FU-62-17 |p 23717 |r 2016-12-01 00:00:00 |w 2016-12-01 |y ARXIU | ||
| 952 | |0 0 |1 0 |2 udc |4 0 |6 FU7377 |7 1 |9 64435 |a Arxiu |b Arxiu |d 2022-11-29 |l 0 |o FU-73-77 |p 27060 |r 2022-11-29 00:00:00 |w 2022-11-29 |y ARXIU | ||
| 999 | |c 59725 |d 59725 | ||